LEADER 01435nam a2200277 a 4500 001 000000158610 003 CaOOAMICUS 005 20170206114644.0 008 170206s1944 mdu m 001 u eng r 032 $aLibriCat 040 $aPUL$bita 100 1 $aMcGinley, Laurence J.,$cS.I.$0(OLS)http://pul/name/101315 245 10$aForm-criticism of the synoptic healing narratives :$ba study in the theories of Martin Dibelius and Rudolf Bultmann /$cby Laurence J. McGinley, S.J. 260 $aBaltimore :$bWoodstock College Press,$c1944. 300 $aviii, 165 p. ;$c23 cm. 502 $aTesi -- Pontificia Universitas Gregoriana. Facultas theologica. 1944. 504 $aBibliografia in nota. 600 14$aBultmann, Rudolf Karl,$d1884-1976.$0(OLS)http://pul/subject/2381 600 14$aDibelius, Martin,$d1883-1947?.$0(OLS)http://pul/subject/43708 710 2 $aPontificia Universitą Gregoriana.$bFacoltą di teologia.$kTesi.$0(OLS)http://pul/name/81592 850 $aPUL 852 $aPUL$W1$xDP1 Tesi Pon. Univ. Gregoriana$y40$mTH PUG 664$j181913$qTesi$B185092$CPULBib$Z2$F185092 $H11819 $82 941 1 $a16 996 $6245$aForm-criticism of the synoptic healing narratives :$ba study in the theories of Martin Dibelius and Rudolf Bultmann$9(OLS)http://pul/title/198227 996 $6260$aBaltimore :$bWoodstock College Press$9(OLS)http://pul/publisher/86027 LEADER 01020naa a2200229 a 4500 001 000000171779 003 CaOOAMICUS 005 20190412103136.0 008 190412s2019 it 000 u ita r 032 $aLibriCat 040 $aPUL$bita 100 1 $aChiarelli, Raffaele.$0(OLS)http://pul/name/78850 245 10$aDiritto dell'immigrazione e assetti costituzionali /$ccommento di Raffaele Chiarelli. 260 $aOspedaletto (Pisa) :$bPacini Giuridica,$c©2019. 300 $ap. [1]-56 ;$c24 cm. 504 $aBibliografia in nota a pič pagina. 650 4$aImmigrazione$xLegislazione$zItalia.$0(OLS)http://pul/subject/45925 773 0 $tTesto unico dell'immigrazione : .$dOspedaletto (Pisa) : Pacini Giuridica, ©2019.$kNuove leggi nuovo diritto $z978-88-3379-053-4$gp. [1] - 56$w()171778 941 1 $a9 996 $6245$aDiritto dell'immigrazione e assetti costituzionali$9(OLS)http://pul/title/212620 996 $6260$aOspedaletto (Pisa) :$bPacini Giuridica$9(OLS)http://pul/publisher/86747